Fundamentals of database systems (Record no. 11595)

000 -LEADER
fixed length control field 01028cam a2200289 a 4500
001 - CONTROL NUMBER
control field 16156762
005 - DATE AND TIME OF LATEST TRANSACTION
control field 20170105102343.0
008 - FIXED-LENGTH DATA ELEMENTS--GENERAL INFORMATION
fixed length control field 100326s2011 maua b 001 0 eng
010 ## - LIBRARY OF CONGRESS CONTROL NUMBER
LC control number 2010010677
020 ## - INTERNATIONAL STANDARD BOOK NUMBER
International Standard Book Number 9780136086208 (alk. paper)
020 ## - INTERNATIONAL STANDARD BOOK NUMBER
International Standard Book Number 0136086209 (alk. paper)
035 ## - SYSTEM CONTROL NUMBER
System control number (OCoLC)ocn586123196
040 ## - CATALOGING SOURCE
Original cataloging agency DLC
Transcribing agency DLC
Modifying agency YDXCP
-- C#P
-- BWX
-- DLC
050 00 - LIBRARY OF CONGRESS CALL NUMBER
Classification number QA76.9.D3
Item number E57 2011
082 00 - DEWEY DECIMAL CLASSIFICATION NUMBER
Classification number 005.74
Edition number 22
100 1# - MAIN ENTRY--PERSONAL NAME
Personal name Elmasri, Ramez.
245 10 - TITLE STATEMENT
Title Fundamentals of database systems
Statement of responsibility, etc. Ramez Elmasri, Shamkant B. Navathe.
250 ## - EDITION STATEMENT
Edition statement 6th ed.
260 ## - PUBLICATION, DISTRIBUTION, ETC.
Place of publication, distribution, etc. Boston :
Name of publisher, distributor, etc. Addison-Wesley,
Date of publication, distribution, etc. c2011.
300 ## - PHYSICAL DESCRIPTION
Extent xxvii, 1172 p. :
Other physical details ill. ;
Dimensions 24 cm.
504 ## - BIBLIOGRAPHY, ETC. NOTE
Bibliography, etc. note Includes bibliographical references and index.
650 #0 - SUBJECT ADDED ENTRY--TOPICAL TERM
Topical term or geographic name entry element Database management.
700 1# - ADDED ENTRY--PERSONAL NAME
Personal name Navathe, Sham.
906 ## - LOCAL DATA ELEMENT F, LDF (RLIN)
a 7
b cbc
c orignew
d 1
e ecip
f 20
g y-gencatlg
942 ## - ADDED ENTRY ELEMENTS (KOHA)
Source of classification or shelving scheme
Koha item type Book
Holdings
Withdrawn status Lost status Damaged status Not for loan Collection code Permanent Location Current Location Shelving location Date acquired Source of acquisition Cost, normal purchase price Total Checkouts Total Renewals Full call number Barcode Checked out Date last seen Date last checked out Price effective from Koha item type
          Central Library (CL) Central Library (CL) First Floor - Databases 02/27/2013 Progressive International Agencies 10637.11 7 4 005.74 ELM SEECS012031 06/13/2026 03/02/2026 03/02/2026 03/04/2013 Book
          Central Library (CL) Central Library (CL) First Floor - Databases 02/27/2013 Progressive International Agencies 10637.11 10 2 005.74 ELM SEECS012032 02/20/2026 01/21/2026 01/21/2026 03/04/2013 Book
          Central Library (CL) Central Library (CL) First Floor - Databases 02/27/2013 Progressive International Agencies 10637.11 11 5 005.74 ELM SEECS012033   08/24/2025 06/30/2025 03/04/2013 Book
          Central Library (CL) Central Library (CL) First Floor - Databases 02/27/2013 Progressive International Agencies 10637.11 4 3 005.74 ELM SEECS012034   01/15/2022 09/02/2019 03/04/2013 Book
          Central Library (CL) Central Library (CL) First Floor - Databases 02/27/2013 Progressive International Agencies 10637.11 8 10 005.74 ELM SEECS012035   04/22/2021 12/31/2020 03/04/2013 Book
© 2023 Central Library, National University of Sciences and Technology. All Rights Reserved.